000 00427nam a2200181Ia 4500
001 4950
005 20260306145832.0
008 260306t2014||||xx |||||||||||||| ||spa||
041 _aESP
082 _a332.042
_bM26
100 _aMartín Marín, José Luis
_eAUT
245 0 _aFinanzas internacionales
260 _c2014
300 _a586 páginas :
_c24 cm.
650 _aGEN
654 _aCAN
942 _cLIB
_dJUS
_fJUS
_2ddc
_n
999 _c4950
_d4950